[Event "e2e4 Sunningdale Easter 2014"]
[Site "Ascot ENG"]
[Date "2014.04.17"]
[Round "1.1"]
[White "Hackner, Oskar A"]
[Black "Hawkins, Jonathan"]
[Result "1/2-1/2"]
[BlackTitle "IM"]
[WhiteElo "2119"]
[BlackElo "2518"]
[WhiteFideId "424188"]
[BlackFideId "412686"]
[EventDate "2014.04.17"]

1. d4 Nf6 2. c4 g6 3. Nc3 d5 4. Bg5 Bg7 5. e3 Ne4 6. Bf4 Nxc3 7. bxc3 c5 8. Nf3
O-O 9. Be2 dxc4 10. Bxc4 Nc6 11. O-O Na5 12. Be2 b6 13. Rc1 Be6 14. Qa4 Qd7 15.
Bb5 Qc8 16. Rfd1 Rd8 17. Ne5 Bxe5 18. Bxe5 f6 19. Bf4 Bd7 20. dxc5 Bxb5 21. Qxb5
Rxd1+ 22. Rxd1 Qxc5 23. Qxc5 bxc5 24. Rd7 e5 25. Bh6 Rb8 26. g4 Rb7 27. Rd8+ Kf7
28. Rc8 Nc4 29. Rxc5 Nd2 30. Kg2 g5 31. f4 Ne4 32. Rc6 Rb2+ 33. Kf3 Nd2+ 34. Ke2
Ne4+ 35. Kf3 Nd2+ 36. Ke2 Ne4+ 37. Kf3 1/2-1/2

[Event "e2e4 Sunningdale Easter 2014"]
[Site "Ascot ENG"]
[Date "2014.04.17"]
[Round "1.2"]
[White "Gormally, Daniel W"]
[Black "Hegarty, Sarah N"]
[Result "1-0"]
[WhiteTitle "GM"]
[BlackTitle "WFM"]
[WhiteElo "2492"]
[BlackElo "2094"]
[WhiteFideId "406465"]
[BlackFideId "2501465"]
[EventDate "2014.04.17"]

1. Nf3 d5 2. d4 e6 3. c4 Nf6 4. g3 Be7 5. Bg2 O-O 6. O-O dxc4 7. Na3 c5 8. Nxc4
Nc6 9. dxc5 Bxc5 10. a3 a5 11. Qc2 Qe7 12. Nce5 Nxe5 13. Nxe5 Bd4 14. Nf3 Ba7
15. Bf4 Bb8 16. Rac1 Bxf4 17. gxf4 Nd5 18. e3 Bd7 19. Ne5 Bb5 20. Rfd1 f6 21.
Nf3 Rfc8 22. Qxc8+ Rxc8 23. Rxc8+ Kf7 24. f5 Bd7 25. Rb8 Bc6 26. Nd4 exf5 27.
Nxc6 bxc6 28. Rc8 Qb7 29. Rxc6 1-0

[Event "e2e4 Sunningdale Easter 2014"]
[Site "Ascot ENG"]
[Date "2014.04.17"]
[Round "1.3"]
[White "Seymour, Timothy P"]
[Black "Williams, Simon K"]
[Result "0-1"]
[BlackTitle "GM"]
[WhiteElo "2079"]
[BlackElo "2463"]
[WhiteFideId "412112"]
[BlackFideId "404454"]
[EventDate "2014.04.17"]

1. e4 e6 2. d4 d5 3. Nd2 Nf6 4. e5 Nfd7 5. Bd3 c5 6. c3 Nc6 7. Ne2 cxd4 8. cxd4
f6 9. exf6 Qxf6 10. Nf3 Bb4+ 11. Nc3 e5 12. Bg5 Qf7 13. dxe5 Ndxe5 14. Nxe5 Nxe5
15. Bb5+ Bd7 16. O-O Bxc3 17. Bxd7+ Qxd7 18. bxc3 O-O 19. Qd4 Nc6 20. Qd3 Rf5
21. Be3 Ne5 22. Qc2 Qf7 23. Rad1 Rc8 24. Bxa7 Nf3+ 25. Kh1 Rh5 26. h3 Qf4 27.
gxf3 Rxh3+ 28. Kg2 Qh2# 0-1

[Event "e2e4 Sunningdale Easter 2014"]
[Site "Ascot ENG"]
[Date "2014.04.17"]
[Round "1.4"]
[White "Arkell, Keith C"]
[Black "Paterson, Andrew I"]
[Result "1-0"]
[WhiteTitle "GM"]
[WhiteElo "2461"]
[BlackElo "2075"]
[WhiteFideId "400270"]
[BlackFideId "435724"]
[EventDate "2014.04.17"]

1. c4 Nf6 2. Nc3 g6 3. g3 Bg7 4. Bg2 O-O 5. Nf3 d6 6. d4 Nc6 7. O-O Bg4 8. h3
Bxf3 9. exf3 Nd7 10. Be3 e5 11. d5 Ne7 12. Rc1 f5 13. f4 a5 14. b3 Ra6 15. Qd2
Kh8 16. Nb5 Ng8 17. fxe5 dxe5 18. d6 c6 19. Nc7 f4 20. gxf4 exf4 21. Bxf4 Rxf4
22. Qxf4 Be5 23. Qd2 Ra7 24. f4 Bf6 25. Qe3 c5 26. Qe8 Bd4+ 27. Kh1 Qxe8 28.
Nxe8 1-0

[Event "e2e4 Sunningdale Easter 2014"]
[Site "Ascot ENG"]
[Date "2014.04.17"]
[Round "1.5"]
[White "Prior, Stephen C V"]
[Black "Petrov, Marijan"]
[Result "0-1"]
[BlackTitle "GM"]
[WhiteElo "2071"]
[BlackElo "2455"]
[WhiteFideId "423378"]
[BlackFideId "2901773"]
[EventDate "2014.04.17"]

1. e4 c5 2. Nf3 Nc6 3. d4 cxd4 4. Nxd4 Qb6 5. Nb5 Nf6 6. Be3 Qd8 7. N1c3 a6 8.
Nd4 e5 9. Nb3 Bb4 10. Bd3 d5 11. exd5 Nxd5 12. Bd2 O-O 13. O-O Nxc3 14. bxc3 Bd6
15. f4 f5 16. fxe5 Bxe5 17. Qh5 g6 18. Qh6 Bg7 19. Qf4 Ne5 20. Be2 Be6 21. Rad1
Qc7 22. Be3 Rac8 23. Bd4 Rfe8 24. Rfe1 Bd5 25. Qf2 Qf7 26. a3 Bxb3 27. cxb3 Qxb3
28. Rb1 Qf7 29. Bf1 Ng4 30. Qf4 Rxe1 31. Rxe1 Qc7 32. Qxc7 Rxc7 33. Bxg7 Kxg7
34. h3 Nf6 35. c4 Kf7 36. Bd3 Rd7 37. Bc2 Rd2 38. Bb1 Nh5 39. g4 Ng3 40. gxf5
gxf5 41. a4 Kf6 42. c5 Kg5 0-1

[Event "e2e4 Sunningdale Easter 2014"]
[Site "Ascot ENG"]
[Date "2014.04.17"]
[Round "1.6"]
[White "Hunt, Adam C"]
[Black "Fegan, Chris"]
[Result "1-0"]
[WhiteTitle "IM"]
[WhiteElo "2434"]
[BlackElo "2055"]
[WhiteFideId "403970"]
[BlackFideId "410047"]
[EventDate "2014.04.17"]

1. e4 e5 2. Nf3 Nc6 3. Bb5 a6 4. Ba4 Nf6 5. O-O Be7 6. Re1 b5 7. Bb3 O-O 8. h3
Na5 9. Nxe5 Nxb3 10. axb3 Bb7 11. d3 d5 12. exd5 Nxd5 13. Nd2 Bf6 14. Ng4 Bd4
15. Nf3 Bb6 16. d4 h5 17. Nge5 f6 18. Ng6 Re8 19. Bd2 Ne7 20. Nf4 g6 21. c4 Kf7
22. c5 Ba7 23. b4 Nf5 24. Qb3+ Kf8 25. Rxe8+ Kxe8 26. Qg8+ 1-0

[Event "e2e4 Sunningdale Easter 2014"]
[Site "Ascot ENG"]
[Date "2014.04.17"]
[Round "1.7"]
[White "Jacobsen, Fredrik Beer"]
[Black "Eggleston, David J"]
[Result "0-1"]
[BlackTitle "IM"]
[WhiteElo "2042"]
[BlackElo "2402"]
[WhiteFideId "1507044"]
[BlackFideId "412120"]
[EventDate "2014.04.17"]

1. e4 c5 2. Nc3 a6 3. a4 Nc6 4. g3 g6 5. Bg2 Bg7 6. d3 Nf6 7. Be3 d6 8. h3 Rb8
9. Qd2 Nd4 10. Nge2 Nd7 11. Nc1 Ne5 12. Qd1 b5 13. axb5 axb5 14. O-O Nec6 15.
Nb1 b4 16. c3 Nb5 17. Ne2 O-O 18. Qd2 Na5 19. Nc1 bxc3 20. bxc3 c4 21. Qa2 Nxc3
22. Qxa5 Qxa5 23. Rxa5 Rxb1 24. dxc4 Bb7 25. f3 Rc8 26. Na2 Rb3 27. Nxc3 Rxc3
28. Ra7 Bc6 29. Re1 Rxe3 30. Rxe3 Bd4 31. Ra3 Bd7 32. Bf1 Be6 33. Kg2 Bxe3 34.
Rxe3 Bxc4 35. Bxc4 Rxc4 36. f4 h5 37. Kf3 Rd4 38. Rc3 Kg7 39. Ke3 Rd1 40. Kf3
Ra1 41. g4 Rf1+ 42. Ke3 Rh1 43. Kf2 h4 44. Kg2 Ra1 45. Kf3 Rf1+ 46. Ke3 Rh1 47.
Kd4 Rg1 48. e5 Rd1+ 49. Rd3 Rxd3+ 50. Kxd3 dxe5 51. fxe5 Kh6 52. Kd4 Kg5 53. Ke3
e6 54. Ke4 f5+ 55. gxf5 gxf5+ 56. Kf3 f4 57. Ke4 f3 58. Kxf3 Kf5 59. Ke2 Kxe5
60. Ke3 Kf5 61. Kf3 e5 62. Ke3 e4 63. Ke2 Kf4 64. Kf2 e3+ 65. Ke2 Ke4 66. Ke1
Kf3 67. Kf1 Kg3 0-1

[Event "e2e4 Sunningdale Easter 2014"]
[Site "Ascot ENG"]
[Date "2014.04.17"]
[Round "1.8"]
[White "Tan, Justin2"]
[Black "Melkevik, Johannes"]
[Result "1-0"]
[WhiteTitle "FM"]
[WhiteElo "2363"]
[BlackElo "2041"]
[WhiteFideId "3206882"]
[BlackFideId "1501836"]
[EventDate "2014.04.17"]

1. e4 e6 2. d4 d5 3. Nc3 Bb4 4. e5 c5 5. a3 Bxc3+ 6. bxc3 Ne7 7. Qg4 Qc7 8. Qxg7
Rg8 9. Qxh7 cxd4 10. Ne2 Nbc6 11. f4 Bd7 12. h4 O-O-O 13. Qd3 dxc3 14. h5 Nf5
15. Rb1 Na5 16. Rg1 Nc4 17. g4 Qc5 18. Qxc3 Bc6 19. gxf5 Rxg1 20. Nxg1 Qxg1 21.
fxe6 fxe6 22. Qh3 Kb8 23. h6 Rh8 24. h7 d4 25. Rb3 Ne3 26. Bxe3 dxe3 27. Qxe3
Qh1 28. Qd4 Bg2 29. Rg3 Qxf1+ 30. Kd2 1-0

[Event "e2e4 Sunningdale Easter 2014"]
[Site "Ascot ENG"]
[Date "2014.04.17"]
[Round "1.9"]
[White "Fallowfield, Jeremy R"]
[Black "Buchicchio, Giampaolo"]
[Result "1/2-1/2"]
[BlackTitle "FM"]
[WhiteElo "2034"]
[BlackElo "2343"]
[WhiteFideId "405450"]
[BlackFideId "811491"]
[EventDate "2014.04.17"]

1. d4 d5 2. c4 c6 3. Nf3 Nf6 4. Nc3 a6 5. c5 Nbd7 6. Bf4 Nh5 7. Qd2 b6 8. e4
dxe4 9. Nxe4 f5 10. Neg5 Nxf4 11. Qxf4 bxc5 12. Bc4 Qa5+ 13. Kf1 Nb6 14. Bf7+
Kd8 15. dxc5 Qb5+ 16. Kg1 Qxb2 17. Rd1+ Nd5 18. Ne5 Qc2 19. Nxc6+ Kd7 20. Be6+
Ke8 21. Bf7+ Kd7 22. Qf3 e6 23. Bxe6+ Kc7 24. Qxd5 Bxc5 25. Qe5+ Kxc6 26. Bd5+
Kb6 27. Rf1 Bxf2+ 28. Rxf2 Qc1+ 29. Rf1 Qc5+ 30. Rf2 Qc1+ 31. Rf1 1/2-1/2

[Event "e2e4 Sunningdale Easter 2014"]
[Site "Ascot ENG"]
[Date "2014.04.17"]
[Round "1.10"]
[White "Letreguilly, Olivier"]
[Black "Fallowfield, Nicholas K"]
[Result "1-0"]
[WhiteTitle "FM"]
[WhiteElo "2342"]
[BlackElo "2008"]
[WhiteFideId "600997"]
[BlackFideId "408328"]
[EventDate "2014.04.17"]

1. Nf3 d5 2. c4 d4 3. b4 f6 4. Qa4+ Bd7 5. Qb3 e5 6. e3 c5 7. exd4 exd4 8. Bd3
Nc6 9. b5 Ne5 10. Be4 Bd6 11. O-O Qc7 12. Re1 Ne7 13. g3 O-O-O 14. a4 f5 15.
Nxe5 Bxe5 16. Bg2 f4 17. a5 Qd6 18. a6 b6 19. Qf3 Rde8 20. Qa8+ Kc7 21. Qxa7+
Kd8 22. Qa8+ Kc7 23. Qb7+ Kd8 24. a7 1-0

[Event "e2e4 Sunningdale Easter 2014"]
[Site "Ascot ENG"]
[Date "2014.04.18"]
[Round "2.1"]
[White "Sowray, Peter J"]
[Black "Gormally, Daniel W"]
[Result "1/2-1/2"]
[WhiteTitle "FM"]
[BlackTitle "GM"]
[WhiteElo "2331"]
[BlackElo "2492"]
[WhiteFideId "400971"]
[BlackFideId "406465"]
[EventDate "2014.04.17"]

1. d4 Nf6 2. c4 g6 3. Nc3 d5 4. Nf3 Bg7 5. Qb3 dxc4 6. Qxc4 O-O 7. e4 Nc6 8. Be2
Bg4 9. d5 Na5 10. Qb4 Bxf3 11. Bxf3 c6 12. O-O cxd5 13. Nxd5 e6 14. Ne7+ Kh8 15.
Rd1 Qb6 16. Qa4 Rfe8 17. e5 Rxe7 18. Be3 Qc7 19. exf6 Bxf6 20. Rac1 Nc6 21. Bxc6
bxc6 22. Rxc6 Qb7 23. b4 Kg7 24. b5 Rb8 25. Rc5 Rd7 26. Rdc1 Rbd8 27. h3 Bd4 28.
Bxd4+ Rxd4 29. Qb3 Qe4 30. Qc3 Kg8 31. Rc7 Qe5 32. Rc8 Rxc8 33. Qxc8+ Kg7 34.
Qc6 Rb4 35. Qc7 Rxb5 36. Qxa7 Ra5 37. Qc7 Qxc7 38. Rxc7 Rxa2 39. h4 h6 40. g3
Ra4 41. Kg2 g5 42. hxg5 hxg5 43. Rb7 Kg6 44. Rc7 f5 45. Rb7 Kf6 46. Rb5 Ra6 47.
Rc5 e5 48. Rc8 g4 49. Rf8+ Ke6 50. Rb8 Rd6 51. Rb5 Rd2 52. Rb8 Rc2 53. Rf8 e4
54. Kf1 Ra2 55. Kg1 Ra5 56. Rd8 Ke5 57. Kg2 Rd5 58. Ra8 Kd4 59. Kf1 Rc5 60. Rd8+
Kc4 61. Rd7 Rd5 62. Ra7 Rd1+ 63. Ke2 Rb1 64. Rc7+ Kd4 65. Rd7+ Ke5 66. Re7+ Kf6
67. Re8 Rb2+ 68. Kf1 Rb7 69. Kg2 Re7 70. Rd8 e3 71. fxe3 Rxe3 72. Rf8+ Ke5 73.
Re8+ Kd4 74. Rd8+ Ke4 1/2-1/2

[Event "e2e4 Sunningdale Easter 2014"]
[Site "Ascot ENG"]
[Date "2014.04.18"]
[Round "2.2"]
[White "Williams, Simon K"]
[Black "Mason, Donald J"]
[Result "1/2-1/2"]
[WhiteTitle "GM"]
[WhiteElo "2463"]
[BlackElo "2212"]
[WhiteFideId "404454"]
[BlackFideId "405116"]
[EventDate "2014.04.17"]

1. d4 d5 2. c4 c6 3. Nc3 Nf6 4. cxd5 cxd5 5. Bf4 Nc6 6. e3 Bg4 7. Qb3 Na5 8.
Qa4+ Bd7 9. Qc2 Rc8 10. Bd3 e6 11. Nf3 Nc6 12. Qe2 Be7 13. Ne5 O-O 14. O-O Be8
15. Rac1 Nd7 16. Nxc6 Rxc6 17. e4 Nb6 18. Rfe1 Bb4 19. e5 f5 20. exf6 Qxf6 21.
Be5 Qh6 22. a3 Be7 23. Rcd1 Bh4 24. Rf1 Nd7 25. Bg3 Bh5 26. f3 Bxg3 27. hxg3 a6
28. g4 Bg6 29. Qd2 Qh4 30. Bxg6 hxg6 31. Rfe1 Rf6 32. Re2 g5 33. Qe1 Qh7 34. Qg3
Rh6 35. Kf2 Rh1 36. Rxh1 Qxh1 37. Re1 Qh7 38. Kg1 Qd3 39. Qf2 b5 40. Qe3 Qxe3+
41. Rxe3 Kf7 42. Kf2 Rc4 43. Rd3 b4 44. axb4 Rxb4 45. Nd1 Nb8 46. Ke3 Nc6 47. b3
Na5 1/2-1/2

[Event "e2e4 Sunningdale Easter 2014"]
[Site "Ascot ENG"]
[Date "2014.04.18"]
[Round "2.3"]
[White "Jackson, James P"]
[Black "Arkell, Keith C"]
[Result "1-0"]
[BlackTitle "GM"]
[WhiteElo "2283"]
[BlackElo "2461"]
[WhiteFideId "416860"]
[BlackFideId "400270"]
[EventDate "2014.04.17"]

1. e4 c6 2. d4 d5 3. e5 c5 4. dxc5 Nc6 5. Nf3 Bg4 6. c3 e6 7. b4 Bxf3 8. Qxf3
Nxe5 9. Bb5+ Nc6 10. O-O Nf6 11. Bf4 Be7 12. Nd2 O-O 13. a4 a6 14. Bxc6 bxc6 15.
Rfd1 Nd7 16. Nb3 e5 17. Na5 Qc7 18. Re1 Bxc5 19. bxc5 exf4 20. Nb3 Rab8 21. Nd4
Nxc5 22. c4 dxc4 23. Qc3 Rbd8 24. Qxc4 Rxd4 25. Qxc5 Rd5 26. Qc4 f3 27. g3 Qd7
28. Qxa6 Rd3 29. Kh1 Qh3 30. Rg1 Rd2 31. Qb6 Rfd8 32. Qe3 R2d3 33. Qe4 h6 34. a5
R8d5 35. Qf4 Rf5 36. Qb8+ Kh7 37. g4 Rb5 38. Qf4 Rdd5 39. a6 Ra5 40. Rxa5 Rxa5
41. Qd4 g6 42. Qf6 1-0

[Event "e2e4 Sunningdale Easter 2014"]
[Site "Ascot ENG"]
[Date "2014.04.18"]
[Round "2.4"]
[White "Petrov, Marijan"]
[Black "Kvisla, Johannes Luangtep"]
[Result "1-0"]
[WhiteTitle "GM"]
[WhiteElo "2455"]
[BlackElo "2178"]
[WhiteFideId "2901773"]
[BlackFideId "1504533"]
[EventDate "2014.04.17"]

1. e4 c5 2. Nc3 a6 3. Nf3 d6 4. d4 cxd4 5. Nxd4 Nf6 6. f4 g6 7. Be2 Bg7 8. Be3
O-O 9. O-O Nbd7 10. a4 Re8 11. Kh1 b6 12. Bf3 e5 13. Nc6 Qc7 14. fxe5 Nxe5 15.
Nxe5 dxe5 16. Qe2 Be6 17. Rfd1 h5 18. h3 Nd7 19. Nd5 Bxd5 20. Rxd5 Nf6 21. Rd3
Rec8 22. Rad1 Qc6 23. b3 Bf8 24. c4 b5 25. axb5 axb5 26. c5 b4 27. Rd6 Bxd6 28.
Rxd6 Nxe4 29. Rxc6 Ng3+ 30. Kh2 Nxe2 31. Rxc8+ Rxc8 32. Bxe2 f5 33. Bc4+ Kg7 34.
Bd5 f4 35. Bf2 Kf6 36. c6 Kf5 37. Bb6 e4 38. c7 e3 39. Kg1 Re8 40. Bb7 1-0

[Event "e2e4 Sunningdale Easter 2014"]
[Site "Ascot ENG"]
[Date "2014.04.18"]
[Round "2.5"]
[White "Player, Edmund C"]
[Black "Hunt, Adam C"]
[Result "0-1"]
[BlackTitle "IM"]
[WhiteElo "2246"]
[BlackElo "2434"]
[WhiteFideId "406520"]
[BlackFideId "403970"]
[EventDate "2014.04.17"]

1. e4 c5 2. Ne2 e6 3. Nbc3 a6 4. g3 b5 5. Bg2 Bb7 6. O-O b4 7. Nb1 Nf6 8. d3 d5
9. Nd2 Be7 10. a3 a5 11. exd5 exd5 12. axb4 axb4 13. Rxa8 Bxa8 14. b3 Nbd7 15.
Bb2 Nb6 16. Nf4 O-O 17. Re1 Re8 18. Nh5 Nxh5 19. Qxh5 Bf8 20. Rxe8 Qxe8 21. Qe5
Qc8 22. Nf3 c4 23. Nd4 Nd7 24. Qg5 h6 25. Qg4 c3 26. Bc1 Qe8 27. Qe2 Qd8 28. h4
Bc5 29. Nf5 Nf6 30. Bf4 Qd7 31. Bh3 Kh7 32. Kh2 d4 33. f3 Qe6 34. Qe5 Qxe5 35.
Bxe5 Bxf3 36. Bxd4 Bxd4 37. Nxd4 Bd5 38. Kg1 g5 39. hxg5 hxg5 40. Kf2 g4 41. Bf1
Kg6 42. Be2 Kg5 43. Bd1 Nh5 44. Nb5 f5 45. Nc7 Bb7 46. Ne6+ Kf6 47. Nc5 Bc8 48.
Na4 Ke5 49. Nb6 Be6 50. Na4 Kd4 51. Nb6 f4 52. gxf4 Nxf4 53. Nc4 Nh5 54. Na5 g3+
55. Kg2 Bd5+ 56. Bf3 Nf4+ 57. Kxg3 Nxd3 58. Bxd5 Kxd5 59. Nc4 Kd4 0-1

[Event "e2e4 Sunningdale Easter 2014"]
[Site "Ascot ENG"]
[Date "2014.04.18"]
[Round "2.6"]
[White "Eggleston, David J"]
[Black "Hill, Alistair"]
[Result "1-0"]
[WhiteTitle "IM"]
[WhiteElo "2402"]
[BlackElo "2142"]
[WhiteFideId "412120"]
[BlackFideId "432407"]
[EventDate "2014.04.17"]

1. e4 c5 2. Nf3 Nc6 3. d4 cxd4 4. Nxd4 Nf6 5. Nc3 e5 6. Ndb5 d6 7. Bg5 a6 8. Na3
b5 9. Nd5 Qa5+ 10. Bd2 Qd8 11. Nxf6+ Qxf6 12. Bd3 Qg6 13. O-O Be7 14. c4 bxc4
15. Nxc4 O-O 16. f4 exf4 17. Bxf4 Ne5 18. Nxe5 dxe5 19. Bxe5 Bb7 20. Qc2 Rfe8
21. Rf5 Qb6+ 22. Kh1 f6 23. Bc7 Qa7 24. Qb3+ Kh8 25. Rh5 f5 26. Bb6 Qb8 27. Qf7
Qd6 28. Qxf5 g6 29. Qe5+ Qxe5 30. Rxe5 Bf6 31. Rxe8+ Rxe8 32. Ba5 Kg7 33. Rc1
Re7 34. Rc7 Rxc7 35. Bxc7 Bxb2 36. Kg1 Bd4+ 37. Kf1 Kf6 38. Ke2 Be5 39. Bd8+ Ke6
40. h3 Kd6 41. Ke3 Kd7 42. Bb6 Kd6 43. Ba7 Kc7 44. Bc4 h6 45. Kf3 Bc8 46. Bc5
Bg7 47. Ke3 g5 48. Bd4 Bf8 49. Bd5 Kd6 50. Bb2 Kd7 51. Bf6 Kd6 52. Kd4 Be6 53.
e5+ Kd7 54. a4 Ba3 55. g4 Bf8 56. Ke4 h5 57. Bxe6+ Kxe6 58. gxh5 Bh6 59. Kd4 Kf5
60. Kd5 Bf8 61. Bd8 1-0

[Event "e2e4 Sunningdale Easter 2014"]
[Site "Ascot ENG"]
[Date "2014.04.18"]
[Round "2.7"]
[White "Purdon, Colin"]
[Black "Tan, Justin2"]
[Result "0-1"]
[BlackTitle "FM"]
[WhiteElo "2148"]
[BlackElo "2363"]
[WhiteFideId "408581"]
[BlackFideId "3206882"]
[EventDate "2014.04.17"]

1. d4 d5 2. c4 c6 3. Nf3 Nf6 4. Nc3 e6 5. e3 Nbd7 6. Bd3 dxc4 7. Bxc4 b5 8. Bd3
Bb7 9. e4 b4 10. Na4 c5 11. e5 Nd5 12. O-O h6 13. Bd2 Rc8 14. Rc1 a6 15. Qe2 Qa5
16. b3 N5b6 17. Nxb6 Qxb6 18. Be4 Be7 19. Bxb7 Qxb7 20. dxc5 Nxc5 21. Rc4 a5 22.
Rg4 g5 23. Rc1 Rd8 24. h4 gxh4 25. Nxh4 h5 26. Rgc4 Nd3 27. R1c2 Rg8 28. Rc7 Qd5
29. Qxh5 Nxe5 30. Rxe7+ Kxe7 31. Bg5+ Ke8 32. Bxd8 Kxd8 33. Qe2 Ke7 34. Rc7+ Kf6
35. f4 Nd3 36. Qe3 Rg4 37. g3 Nxf4 38. Qf2 Rxg3+ 0-1

[Event "e2e4 Sunningdale Easter 2014"]
[Site "Ascot ENG"]
[Date "2014.04.18"]
[Round "2.8"]
[White "Dilleigh, Stephen P"]
[Black "Letreguilly, Olivier"]
[Result "1/2-1/2"]
[BlackTitle "FM"]
[WhiteElo "2136"]
[BlackElo "2342"]
[WhiteFideId "408379"]
[BlackFideId "600997"]
[EventDate "2014.04.17"]

1. Nf3 d5 2. c4 e6 3. g3 Nf6 4. Bg2 c5 5. cxd5 Nxd5 6. O-O Nc6 7. Nc3 Be7 8. d4
O-O 9. e4 Nxc3 10. bxc3 b6 11. d5 exd5 12. exd5 Na5 13. Ne5 Bd6 14. Nc6 Nxc6 15.
dxc6 Qc7 16. Qf3 Ba6 17. Rd1 Rac8 18. Bf4 Bxf4 19. Rd7 Qb8 20. Qxf4 Qxf4 21.
gxf4 Bb5 22. Rd6 Ba4 23. Re1 Rc7 24. Bd5 Rfc8 25. Re4 Bc2 26. Re5 Ba4 27. Re4
Bc2 28. Re5 Ba4 1/2-1/2

[Event "e2e4 Sunningdale Easter 2014"]
[Site "Ascot ENG"]
[Date "2014.04.18"]
[Round "2.9"]
[White "Longson, Alexander"]
[Black "Othman, Mustapha"]
[Result "1-0"]
[WhiteTitle "FM"]
[WhiteElo "2337"]
[BlackElo "1912"]
[WhiteFideId "408093"]
[BlackFideId "8500797"]
[EventDate "2014.04.17"]

1. e4 c5 2. Nc3 e6 3. Nf3 d6 4. d4 cxd4 5. Nxd4 Nf6 6. g4 Nc6 7. g5 Nxd4 8. Qxd4
Nd7 9. Be3 Qb6 10. Qxb6 axb6 11. Nb5 Ra4 12. f3 Kd8 13. b3 Ra8 14. a4 Nc5 15.
O-O-O e5 16. Bc4 Be6 17. Bxe6 fxe6 18. Nxd6 Bxd6 19. Rxd6+ Kc7 20. Rhd1 Rad8 21.
Rxd8 Rxd8 22. Rxd8 Kxd8 23. Bxc5 bxc5 24. Kd2 h6 25. gxh6 gxh6 26. Kc3 Kc7 27.
Kc4 Kc6 28. c3 h5 29. b4 h4 30. bxc5 h3 31. a5 Kd7 32. Kb5 Kc7 33. c4 Kd7 34.
c6+ bxc6+ 35. Kb6 Kd6 36. a6 1-0

[Event "e2e4 Sunningdale Easter 2014"]
[Site "Ascot ENG"]
[Date "2014.04.18"]
[Round "2.10"]
[White "Moss, Guy"]
[Black "Pert, Nicholas"]
[Result "0-1"]
[BlackTitle "GM"]
[WhiteElo "2030"]
[BlackElo "2552"]
[WhiteFideId "2804620"]
[BlackFideId "403989"]
[EventDate "2014.04.17"]

1. e4 e6 2. d4 d5 3. e5 c5 4. c3 Nc6 5. Nf3 Bd7 6. a3 f6 7. b4 fxe5 8. dxe5 Qc7
9. Bf4 Nh6 10. Bd3 Nf7 11. O-O O-O-O 12. Ng5 Nxg5 13. Bxg5 Re8 14. f4 c4 15. Bc2
h6 16. Bh4 g5 17. fxg5 hxg5 18. Bg3 Bg7 19. Qg4 Bxe5 20. Bxe5 Qxe5 21. Qg3 Qxg3
22. hxg3 e5 23. Bf5 e4 24. Bxd7+ Kxd7 25. Nd2 g4 26. Rf7+ Kc8 27. Re1 e3 28. Nb1
Ne5 29. Rf5 Nd3 30. Re2 Re6 0-1

[Event "e2e4 Sunningdale Easter 2014"]
[Site "Ascot ENG"]
[Date "2014.04.18"]
[Round "3.1"]
[White "Tan, Justin2"]
[Black "Petrov, Marijan"]
[Result "1-0"]
[WhiteTitle "FM"]
[BlackTitle "GM"]
[WhiteElo "2363"]
[BlackElo "2455"]
[WhiteFideId "3206882"]
[BlackFideId "2901773"]
[EventDate "2014.04.17"]

1. e4 g6 2. d4 Bg7 3. Nc3 c6 4. f4 d5 5. e5 Nh6 6. Be3 f6 7. Qd2 Ng4 8. O-O-O
fxe5 9. fxe5 Nxe3 10. Qxe3 O-O 11. Nf3 b5 12. Kb1 Na6 13. h4 Bg4 14. Be2 Qd7 15.
Ng5 Nc7 16. h5 gxh5 17. e6 Bxe6 18. Rxh5 Bf5 19. Rdh1 e5 20. Nxh7 exd4 21. Qg3
Rf7 22. Ng5 Rf6 23. Qh4 Kf8 24. Qxd4 Qd6 25. Bd3 Ne6 26. Nxe6+ Qxe6 27. Bxf5
Rxf5 28. Qc5+ Kg8 29. Rxf5 Qxf5 30. Qxc6 Rd8 31. Rd1 b4 32. Nxd5 Qe5 33. Nc3
Rxd1+ 34. Nxd1 Qd4 35. Qe8+ Kh7 36. Qe2 Qf4 37. Nf2 Qh2 38. Qf1 Qf4 39. Qd3+ Kh8
40. Qh3+ Bh6 41. Qc8+ Kh7 42. Qb7+ Kh8 43. Qa8+ Kg7 44. Qxa7+ Kg6 45. Qa6+ Kg7
46. Qf1 Bg5 47. Qe1 Qg3 48. Nd3 Qxg2 49. Qxb4 Qg1+ 50. Qe1 1-0

[Event "e2e4 Sunningdale Easter 2014"]
[Site "Ascot ENG"]
[Date "2014.04.18"]
[Round "3.2"]
[White "Hunt, Adam C"]
[Black "Longson, Alexander"]
[Result "1/2-1/2"]
[WhiteTitle "IM"]
[BlackTitle "FM"]
[WhiteElo "2434"]
[BlackElo "2337"]
[WhiteFideId "403970"]
[BlackFideId "408093"]
[EventDate "2014.04.17"]

1. e4 c6 2. d4 d5 3. Nc3 dxe4 4. Nxe4 Bf5 5. Ng3 Bg6 6. Nf3 Nd7 7. h4 h6 8. h5
Bh7 9. Bd3 Bxd3 10. Qxd3 e6 11. Bf4 Qa5+ 12. Bd2 Qc7 13. O-O-O Ngf6 14. Kb1
O-O-O 15. Ne4 Be7 16. Nxf6 Bxf6 17. Qe4 Be7 18. c4 c5 19. Bc3 Bf6 20. Qe3 a6 21.
dxc5 Qxc5 22. Bd4 Bxd4 23. Rxd4 Qf5+ 24. Ka1 Nf6 25. Ne5 Rxd4 26. Qxd4 Rd8 27.
Qc5+ Kb8 28. Nc6+ bxc6 29. Qb6+ Kc8 30. Qxc6+ Kb8 31. Qb6+ Kc8 32. Qc6+ 1/2-1/2

[Event "e2e4 Sunningdale Easter 2014"]
[Site "Ascot ENG"]
[Date "2014.04.18"]
[Round "3.3"]
[White "Jackson, James P"]
[Black "Eggleston, David J"]
[Result "1/2-1/2"]
[BlackTitle "IM"]
[WhiteElo "2283"]
[BlackElo "2402"]
[WhiteFideId "416860"]
[BlackFideId "412120"]
[EventDate "2014.04.17"]

1. e4 c5 2. d4 cxd4 3. c3 dxc3 4. Nxc3 Nc6 5. Nf3 e6 6. Bc4 Bb4 7. O-O Nf6 8.
Qc2 d6 9. Rd1 Qe7 10. a3 Bxc3 11. Qxc3 O-O 12. e5 dxe5 13. Nxe5 Nxe5 14. Qxe5
Ng4 15. Qg5 Qxg5 16. Bxg5 Ne5 17. Be2 Nc6 18. Bb5 e5 19. Bxc6 bxc6 20. Rac1 Be6
21. Rxc6 a5 22. Re1 Rfb8 23. Rxe5 Rxb2 24. h3 Ra2 25. Be7 h6 26. Rb6 Rc8 27. Rc5
Rxc5 28. Bxc5 a4 1/2-1/2